Agricultural co-operatives: perspectives for the 21st Century

Významná úloha poľnohospodárskych družstiev v Európskej únii, ako vyplýva z ich počtu v jednotlivých členských krajinách. V posledných rokoch dochádza k výraznej diverzifikácii a družstvá sa posunuli od klasických družstiev rochdaleského typu do rady foriem, ktoré nie vždy plne rešpektujú uznávané d...

Description complète

Enregistré dans:
Détails bibliographiques
Auteur principal: Boučková, Bohuslava
Format: Chapitre de livre
Langue:anglais
Sujets:
Tags: Ajouter un tag
Pas de tags, Soyez le premier à ajouter un tag!

MARC

LEADER 00000naa a2200000 4500
001 r045164
005 20240717104326.2
041 0 |a eng 
044 |a CZ 
245 1 0 |a Agricultural co-operatives: perspectives for the 21st Century  |c Bohuslava Boučková 
520 |a Významná úloha poľnohospodárskych družstiev v Európskej únii, ako vyplýva z ich počtu v jednotlivých členských krajinách. V posledných rokoch dochádza k výraznej diverzifikácii a družstvá sa posunuli od klasických družstiev rochdaleského typu do rady foriem, ktoré nie vždy plne rešpektujú uznávané družstevné princípy. Sú to akciové družstvá, dcérske družstvá, družstvá "Novej generácie" a družstvá s.r.o. Výrazné rozdiely v právnej úprave družstevníctva a družstiev v rámci EÚ. Budúca významná rola družstiev v oblasti ekonomickej i sociálnej. 
610 2 0 |a družstvá poľnohospodárske 
610 2 0 |a družstevníctvo 
610 2 0 |a diverzifikácia 
610 2 0 |a Európska únia 
610 2 0 |a modely organizácie 
610 2 0 |a spoločnosti akciové 
610 2 0 |a spoločnosti dcérske 
610 2 0 |a spoločnosti s r.o. 
100 1 |a Boučková, Bohuslava